| 000 | 00563nam a22001577a 4500 | ||
|---|---|---|---|
| 005 | 20120511132550.0 | ||
| 020 |
_a8183820417 _c395.00 |
||
| 035 | _aB-219276 | ||
| 037 |
_aDPL _bENG |
||
| 100 |
_aBharati, Radha Kant _946926 |
||
| 245 |
_aInterlinking of Indian rivers / _cby Radha Kant Bharati |
||
| 260 |
_aNew Delhi _bLotus Press _c2006 |
||
| 300 |
_a129p. _c18 cms. |
||
| 942 |
_2ddc _cEN _h333.9162160954 _mBHA |
||
| 999 |
_c66504 _d66504 |
||